Marketing / (Record no. 10110)
[ view plain ]
| 000 -LEADER | |
|---|---|
| fixed length control field | 00444nam a22001577a 4500 |
| 005 - DATE AND TIME OF LATEST TRANSACTION | |
| control field | 20231010152801.0 |
| 008 - FIXED-LENGTH DATA ELEMENTS--GENERAL INFORMATION | |
| fixed length control field | 231010b ||||| |||| 00| 0 eng d |
| 050 ## - LIBRARY OF CONGRESS CALL NUMBER | |
| Classification number | HF5415.13.M34 |
| 100 ## - MAIN ENTRY--PERSONAL NAME | |
| 9 (RLIN) | Taylor, Michael. |
| 245 ## - TITLE STATEMENT | |
| Title | Marketing / |
| Statement of responsibility, etc. | Michael Taylor ... [et al.] |
| 260 ## - PUBLICATION, DISTRIBUTION, ETC. | |
| Place of publication, distribution, etc. | Ontario : |
| Name of publisher, distributor, etc. | Ivy Publishing, |
| Date of publication, distribution, etc. | 2012. |
| 700 ## - ADDED ENTRY--PERSONAL NAME | |
| Personal name | Perkins, Andrew. |
| 9 (RLIN) | 2545 |
| 700 ## - ADDED ENTRY--PERSONAL NAME | |
| Personal name | Huff, Aimee. |
| 9 (RLIN) | 2546 |
| 700 ## - ADDED ENTRY--PERSONAL NAME | |
| Personal name | Pirouz, Raymond. |
| 9 (RLIN) | 2547 |
| 942 ## - ADDED ENTRY ELEMENTS (KOHA) | |
| Source of classification or shelving scheme | Library of Congress Classification |
| Koha item type | Books |
| Withdrawn status | Lost status | Source of classification or shelving scheme | Damaged status | Not for loan | Home library | Current library | Shelving location | Date acquired | Total Checkouts | Full call number | Barcode | Date last seen | Copy number | Price effective from | Koha item type |
|---|---|---|---|---|---|---|---|---|---|---|---|---|---|---|---|
| Library of Congress Classification | WISCONSIN INTERNATIONAL UNIVERSITY COLLEGE, GHANA - MAIN LIBRARY | WISCONSIN INTERNATIONAL UNIVERSITY COLLEGE, GHANA - MAIN LIBRARY | General Stacks | 10/10/2023 | HF545.13.M34 | 9538/239/23 | 10/10/2023 | 1 | 10/10/2023 | Books |
